'A' Literary Character Match Quiz Stats

 Plays Quiz Updated Dec 23, 2015

Challenge
Share
Tweet
Embed
Score 0/18 Timer 04:00
9 Plays Today
% Correct
Aragorn
83.4%
Arya Stark
74.5%
Alastor Moody
73.9%
Agatha Trunchbull
69.6%
Arthur Dent
64.1%
Aureliano Buendía
60.6%
Ashley Wilkes
56.8%
Alan Grant
52.7%
Abigail Williams
52.2%
% Correct
Alex Cross
49.8%
Atreyu
44.2%
Augustus Waters
38.3%
Adam Trask
34.7%
Andrew Wiggin
34%
Adso of Melk
33.8%
Augustus McCrae
25.9%
Addie Bundren
22%
Andy McGee
21.8%

You're not logged in!

Compare scores with friends on all Sporcle quizzes.
Join for Free
OR
Log In

You Might Also Like...

Show Comments

Extras

Top Quizzes Today


Score Distribution

Your Account Isn't Verified!

In order to create a playlist on Sporcle, you need to verify the email address you used during registration. Go to your Sporcle Settings to finish the process.

Report this User

Report this user for behavior that violates our Community Guidelines.

Details: